|
|
|
|
| LEADER |
00000nam1a2200000 4500 |
| 001 |
248798 |
| 005 |
20231031212640.0 |
| 010 |
|
|
|a 9785438702993
|
| 035 |
|
|
|a (RuTPU)RU\TPU\book\270682
|
| 035 |
|
|
|a RU\TPU\book\270399
|
| 090 |
|
|
|a 248798
|
| 100 |
|
|
|a 20140127d2013 m y0rusy50 ca
|
| 101 |
0 |
|
|a rus
|
| 102 |
|
|
|a RU
|
| 200 |
1 |
|
|a Курс физики с примерами решения задач
|e учебное пособие
|f С. И. Кузнецов
|g Национальный исследовательский Томский политехнический университет (ТПУ)
|
| 210 |
|
|
|a Томск
|c Изд-во ТПУ
|d 2013-
|
| 452 |
|
1 |
|0 (RuTPU)RU\TPU\book\280111
|t Курс физики с примерами решения задач
|o учебное пособие
|f С. И. Кузнецов
|g Национальный исследовательский Томский политехнический университет (ТПУ), Физико-технический институт (ФТИ), Кафедра общей физики (ОФ)
|c Томск
|n Изд-во ТПУ
|d 2013-
|a Кузнецов, Сергей Иванович
|
| 700 |
|
1 |
|a Кузнецов
|b С. И.
|c физик
|c доцент Томского политехнического университета, кандидат технических наук
|f 1952-
|g Сергей Иванович
|2 stltpush
|3 (RuTPU)RU\TPU\pers\27957
|
| 712 |
0 |
2 |
|a Национальный исследовательский Томский политехнический университет (ТПУ)
|c (2009- )
|2 stltpush
|3 (RuTPU)RU\TPU\col\15902
|
| 801 |
|
1 |
|a RU
|b 63413507
|c 20140109
|
| 801 |
|
2 |
|a RU
|b 63413507
|c 20150227
|g RCR
|
| 942 |
|
|
|c BK
|